000 00591nam a22001935i 4500
001 53198
003 ES-MaACL
005 20250629063124.0
007 t|
008 950912s1883 fr ||||1| fre d
040 _aCAM
_bspa
_cCAM
100 1 _aDumas, Alexandre,
_d1824-1895
_9241136
245 1 3 _aLa recherche de la paternité
_b: lettre a M. Rivet, deputé /
_cpar Alexandre Dumas fils.
250 _a4e éd.
260 _aParis :
_bCalmann Lévy,
_c1883 (
_fimprimerie Chaix)
300 _a[2], 138 p. ;
_c20 cm.
852 _aES-MaACL
_jT-874-F-2
999 _c53198
_d53198